| 000 | 00680nam a2200277Ia 4500 | ||
|---|---|---|---|
| 008 | 160803s9999 xx 000 0 und d | ||
| 020 | _a978-0142412176 | ||
| 100 | _aWarner, Sally | ||
| 245 | _aBest friend Emma / | ||
| 245 | _cSally Warner ; illustrated by Jamie Harper. | ||
| 260 | _aNew York : | ||
| 260 | _bScholastic Inc. | ||
| 260 | _c2007 | ||
| 300 | _a102 pages : | ||
| 300 | _billustrations ; | ||
| 300 | _c20 cm | ||
| 650 | _aBest friends -- | ||
| 650 | _aFriendship -- | ||
| 650 | _aSchools -- | ||
| 650 | _aThanksgiving Day -- | ||
| 650 | _xFiction. | ||
| 650 | _xFiction. | ||
| 650 | _xFiction. | ||
| 650 | _xFiction. | ||
| 700 | _a850 | ||
| 999 |
_c298383 _d298383 |
||